000 00237nam a2200097Ia 4500
001 1227366
005 20250827093021.0
008 250824s9999 xx 000 0 und d
245 0 _aBUKRE
_cKAHRAMAN TAZEOĞLU
260 _bDESTEK YAYINLARI
999 _c1227366
_d1227366